Estadísticas para Capitales del Mundo en un Minuto

Haz click aquí para intentar la prueba.

Estadísticas generales

  • Esta prueba ha sido intentada 3.329 veces
  • La puntuación promedio es 22 de 196

Estadísticas de respuestas

PaísCiudad Capital% Correcto
AlemaniaBerlín
79%
EspañaMadrid
74%
FranciaParís
62%
AlbaniaTirana
59%
AustriaViena
53%
BélgicaBruselas
50%
ArgentinaBuenos Aires
47%
BrasilBrasilia
46%
ItaliaRoma
45%
PerúLima
42%
Reino UnidoLondres
42%
BielorrusiaMinsk
42%
AndorraAndorra
la Vieja
41%
BulgariaSofía
40%
Ciudad del
Vaticano
Ciudad del
Vaticano
39%
ChileSantiago
38%
ColombiaBogotá
37%
PortugalLisboa
35%
EcuadorQuito
35%
BoliviaLa Paz o Sucre
34%
ChinaPekín
34%
CroaciaZagreb
33%
VenezuelaCaracas
31%
RusiaMoscú
31%
Bosnia y
Herzegovina
Sarajevo
31%
JapónTokio
30%
EstoniaTallin
29%
IrlandaDublin
28%
NoruegaOslo
28%
Estados UnidosWashington D.C.
27%
GreciaAtenas
26%
FinlandiaHelsinki
25%
DinamarcaCopenhague
24%
UruguayMontevideo
24%
ParaguayAsunción
23%
CanadáOttawa
22%
LetoniaRiga
22%
HungriaBudapest
21%
EslovaquiaBratislava
20%
AfganistánKabul
20%
UcraniaKiev
19%
Corea del SurSeúl
19%
MéxicoCiudad de
México
18%
EsloveniaLiubliana
18%
Arabia SauditaRiad
18%
LituaniaVilna
17%
Países BajosÁmsterdam
16%
SueciaEstocolmo
16%
SuizaBerna
15%
AustraliaCanberra
15%
República ChecaPraga
15%
AzerbaiyánBakú
14%
RumaníaBucarest
14%
BangladésDaca
14%
MónacoMónaco
12%
IslandiaReikiavik
12%
PanamáCiudad de
Panamá
11%
CatarDoha
11%
LiechtensteinVaduz
11%
ArmeniaEreván
10%
IndiaNueva Delhi
10%
SurinamParamaribo
10%
PoloniaVarsovia
10%
ArgeliaArgel
9%
EgiptoEl Cairo
9%
MaltaLa Valeta
9%
BaréinManama
9%
FilipinasManila
9%
San MarinoSan Marino
9%
TurquíaAnkara
8%
SerbiaBelgrado
8%
GuyanaGeorgetown
8%
LuxemburgoLuxemburgo
8%
ChipreNicosia
8%
KosovoPristina
8%
MarruecosRabat
8%
CubaLa Habana
7%
Costa RicaSan José
7%
IránTeherán
7%
IndonesiaYakarta
7%
JordaniaAmán
6%
IrakBagdad
6%
BrunéiBandar Seri
Begawan
6%
GuatemalaCiudad de
Guatemala
6%
Timor OrientalDili
6%
NicaraguaManagua
6%
Corea del NortePionyang
6%
YemenSaná
6%
ButánTimbu
6%
GhanaAcra
5%
TailandiaBangkok
5%
MoldaviaChișinău
5%
SenegalDakar
5%
VietnamHanói
5%
TogoLomé
5%
CamboyaNom Pen
5%
MontenegroPodgorica
5%
SudáfricaPretoria,
Ciudad del Cabo,
o Bloemfontein
5%
Macedonia
del Norte
Skopie
5%
FiyiSuva
5%
GeorgiaTiflis
5%
TúnezTúnez
5%
Nueva ZelandaWellington
5%
Emirates Árabes
Unidos
Abu Dabi
4%
SamoaApia
4%
KazajistánAstaná
4%
BeliceBelmopán
4%
IsraelJerusalén
4%
JamaicaKingston
4%
San Vincente y las
Grenadinas
Kingstown
4%
AngolaLuanda
4%
MaldivasMalé
4%
TaiwanTaipéi
4%
HondurasTegucigalpa
4%
LibiaTrípoli
4%
NigeriaAbuya
3%
LíbanoBeirut
3%
SiriaDamasco
3%
PakistánIslamabad
3%
OmánMascate
3%
BirmaniaNaipyidó
3%
KeniaNairobi
3%
El SalvadorSan Salvador
3%
República
Dominicana
Santo Domingo
3%
SingapurSingapur
3%
YibutiYibuti
3%
Sudán del SurYuba
3%
EtiopíaAdís Abeba
2%
EritreaAsmara
2%
MaliBamako
2%
República
Centroafricana
Bangui
2%
GambiaBanjul
2%
TanzaniaDodoma
2%
Sierra LeonaFreetown
2%
SudánJartum
2%
NepalKatmandú
2%
República
Democrática
del Congo
Kinsasa
2%
MalasiaKuala Lumpur
2%
KuwaitKuwait
2%
ZambiaLusaka
2%
Guinea EcuatorialMalabo
2%
MozambiqueMaputo
2%
SuazilandiaMbabane
2%
BahamasNasáu
2%
BenínPorto Novo o
Cotonú
2%
Cabo VerdePraia
2%
HaitiPuerto Príncipe
2%
Antigua y BarbudaSaint John's
2%
Sri LankaSri
Jayawardenapura
Kotte
2%
KiribatiTarawa Sur
2%
MongoliaUlán Bator
2%
LaosVientián
2%
NauruYaren
2%
CamerúnYaundé
2%
MadagascarAntananarivo
1%
TurkmenistánAsjabad
1%
San Cristobal
y Nieves
Basseterre
1%
Guinea-BisaúBisáu
1%
KirguistánBiskek
1%
República del
Congo
Brazzaville
1%
BarbadosBridgetown
1%
Santa LuciaCastries
1%
GuineaConakri
1%
TayikistánDusambé
1%
TuvaluFunafuti
1%
BotsuanaGaborone
1%
BurundiGitega
1%
ZimbabueHarare
1%
Islas SalomónHoniara
1%
UgandaKampala
1%
RuandaKigali
1%
GabónLibreville
1%
Islas MarshallMajuro
1%
LesotoMaseru
1%
SomaliaMogadiscio
1%
LiberiaMonrovia
1%
ComorosMoroni
1%
PalaosNgerulmud
1%
NigerNiamey
1%
MauritaniaNuakchot
1%
TongaNukualofa
1%
Estados Federados
de Micronesia
Palikir
1%
Papúa Nueva
Guinea
Port Moresby
1%
VanuatuPort Vila
1%
Trinidad y TobagoPuerto España
1%
DominicaRoseau
1%
GranadaSaint George
1%
Santo Tomé y
Príncipe
Santo Tomé
1%
UzbekistánTaskent
1%
Burkina FasoUagadugú
1%
SeychellesVictoria
1%
ChadYamena
1%
Costa de MarfilYamusukro
1%
MalauiLilongüe
0%
MauricioPort Louis
0%
NamibiaWindhoek
0%

Distribución de puntuación

Porcentaje por número respondido

Porcentaje de gente con cada puntuación

Historial de tus puntuaciones

No has intentado esta prueba.